| 000 | 00363 a2200133 4500 | ||
|---|---|---|---|
| 245 |
_aThe Trek and other stories _hprint |
||
| 020 | _a9781779221001 | ||
| 700 | _aHoba, Lawrence. | ||
| 650 | _aSHORT STORIES | ||
| 005 | 20191017172659.0 | ||
| 260 |
_arh _bWeaver Press _c2009 |
||
| 084 | _aMLCS 2009/00061 (P) | ||
| 300 |
_avii, 52 p. _b 21 cm. _cvii, 52 p. ; 21 cm. |
||
| 500 | _aLawrence Hoba. | ||
| 999 |
_c9222 _d9222 |
||